Supply chain redesign : (Record no. 343490)

000 -LEADER
fixed length control field 01012 a2200205 4500
020 ## - INTERNATIONAL STANDARD BOOK NUMBER
International Standard Book Number 0130603120
020 ## - INTERNATIONAL STANDARD BOOK NUMBER
International Standard Book Number 9780130603128
082 04 - DEWEY DECIMAL CLASSIFICATION NUMBER
Classification number 658.72
090 ## - LOCALLY ASSIGNED LC-TYPE CALL NUMBER (OCLC); LOCAL CALL NUMBER (RLIN)
-- 949
-- 949
100 1# - MAIN ENTRY--PERSONAL NAME
Personal name Handfield, Robert B.
245 10 - TITLE STATEMENT
Title Supply chain redesign :
Remainder of title transforming supply chains into integrated value systems /
Statement of responsibility, etc. Robert B. Handfield.
260 ## - PUBLICATION, DISTRIBUTION, ETC.
Place of publication, distribution, etc. [S.l.] :
Name of publisher, distributor, etc. FT Press,
Date of publication, distribution, etc. 2002.
300 ## - PHYSICAL DESCRIPTION
Extent 400 p. ;
Dimensions 23 cm.
500 ## - GENERAL NOTE
General note Hardcover.
520 ## - SUMMARY, ETC.
Summary, etc. Brings together the field's latest advances, giving business professionals a complete framework for driving out costs, improving efficiency, and optimizing the business value of any supply chain. Uses real-world examples demonstrating how to enhance collaboration and trust throughout the supply chain.
700 1# - ADDED ENTRY--PERSONAL NAME
Personal name Jr., Ernest L. Nichols.
856 40 - ELECTRONIC LOCATION AND ACCESS
Materials specified Amazon.com
Uniform Resource Identifier <a href="http://www.amazon.com/exec/obidos/ASIN/0130603120/chopaconline-20">http://www.amazon.com/exec/obidos/ASIN/0130603120/chopaconline-20</a>
856 40 - ELECTRONIC LOCATION AND ACCESS
Materials specified Amazon customer reviews
Uniform Resource Identifier <a href="http://www.chopac.org/cgi-bin/tools/azrev.pl?q=0130603120">http://www.chopac.org/cgi-bin/tools/azrev.pl?q=0130603120</a>
942 ## - ADDED ENTRY ELEMENTS (KOHA)
Institution code [OBSOLETE] NBS
Koha item type Book
Call number prefix 658.72 HAN
Holdings
Withdrawn status Lost status Source of classification or shelving scheme Damaged status Not for loan Permanent Location Current Location Date acquired Full call number Barcode Date last seen Price effective from Koha item type Public note
  Write Off       Central Library (CL) Central Library (CL) 08/28/2013 658.72 HAN NBS5932 08/28/2013 08/28/2013 Book Write off File No.0908/IRC/NBS Dated Aug 16, 2018
© 2023 Central Library, National University of Sciences and Technology. All Rights Reserved.